01089 a2200229 45000010006000000050017000060080041000230030015000640400040000790800085001192450036002040200022002402640053002623000019003155050382003340410008007161000028007247000026007527000026007787000025008047000030008296096720260407155900.0260407a1995 arg spa dAR-UNSa-BCEJYS aAR-UNSa-BCEJYSbspacAR-UNSa-BCEJYS a342.4xConstituciones. Asambleas legislativas. Asambleas nacionales (Reforma...)10aInterpretando la Constitución a978-950-9385-25-2 1aBuenos Aires :bEdiciones Ciudad Argentinac1995 a139 p.c20 cm. a1. Contenido e interpretación de los derechos constitucionales / Roberto Dromi - 2.Alcance de los tratados en la hermeneutica constitucional / María Elisa Carrió - 3. El Nuevo Poder Ejecutivo / Ricardo Gil Lavedra - 4. la Nueva Justicia: El Consejo de la Magistratura / Humberto Quiroga Lavié - 5. Diálogo entre Nación, provincias y municipios / Pedro j. Frías -  aspa1 aCarrió, María Elisa1 aDromi, José Roberto1 aFrías, Pedro José1 aGil Lavedra, Ricardo1 aQuiroga Lavié, Humberto